000 01002nam a2200253Ia 4500
003 OSt
005 20220923223748.0
006 a|||||r|||| 00| 0
007 ta
008 220922b |||||||| |||| 00| 0 hin d
024 _a221,259
037 _cTextual
040 _aARTS
_cARTS
_bhin
041 _2hin
_ahin
082 _aR641xK60,1, 152N8
100 _aलौगाक्षि भास्कर; मिश्र, कामेश्वरनाथ, अनु.
_9167596
245 0 _aअर्थ संग्रह
246 _aArtha sangraha
260 _aवाराणसी
_b चौखम्बा सुरभारती प्रकाशन
_c1998
300 _a206पृ.
_ccm.
490 _aचौखम्बा सुरभारती ग्रन्थमाला; 44
942 _hR641xK60,1, 152N8
_cTEXL
_2CC
999 _c367321
_d367321